Sanat - "Nyt syttyy valot tuhannet" - Statistics

Yleistilastot
  • Tätä visaa on pelattu 21 kertaa
  • Keskiarvotulos 26 / 55
Vastaustilastot
Vastaus % Oikein
Nyt
100%
Nyt
100%
syttyy
100%
tuhannet
100%
valot
100%
myös
85%
myös
85%
Pohjolaan
85%
tänne
85%
ja
77%
loiste
69%
luo
69%
luovat
69%
ne
69%
jo
62%
jo
62%
jo
62%
loistettaan
62%
tähtöset
62%
taivahalla
62%
Jumalan
38%
koko
38%
maailman
38%
on
38%
Poika
38%
syntyi
38%
Taas
38%
tuo
38%
tuo
38%
yli
38%
Betlehemin
31%
käy
31%
Kristus
31%
Oi
31%
rauhan
31%
rauhan
31%
tähtönen
31%
tieto
31%
tullut
31%
verraton
31%
avaa
23%
joulurauha
23%
joulutähtösen
23%
maan
23%
majaan
23%
matalaan
23%
ovet
23%
päälle
23%
saa
23%
siitä
23%
suloinen
23%
valos
23%
kas
15%
sanomaa
15%
sydänten
15%
Ehtoja vastaavia visoja ei löytynyt
Tulosjakauma
Jokaisen tuloksen saaneiden osuus
Persentiili vastausten määrän mukaan
Tuloshistoriasi
Et ole pelannut tätä visaa